| 000 | 00528nam a2200205Ia 4500 | ||
|---|---|---|---|
| 008 | 210210b1940 xxu||||| |||| 00| 0 eng d | ||
| 041 | _aeng | ||
| 082 | _a385/71 | ||
| 100 | _aWESTON (W J) | ||
| 245 | _aGuide to commercial correspondence and business composition | ||
| 260 |
_aLondon _bSir Isaac Pitman & Sons Ltd., _c1940 |
||
| 300 | _avii,152 | ||
| 650 | _aGuide | ||
| 650 | _acorrespondence | ||
| 650 | _acomposition | ||
| 650 | _acommercial | ||
| 650 | _abusiness | ||
| 690 | _aCorrespondence | ||
| 906 | _a005545 | ||
| 999 |
_c125564 _d125564 |
||